000 00348nam a2200121Ia 4500
008 231129s1997||||xx |||||||||||||| ||spa||
082 _aOEM- 1737
100 _aRodrí­guez Freile Juan
245 0 _aEl Carnero. Según el otro manuscrito de Yerbabuena
260 _c1997
264 _aBogotá: Omprenta Patriótica ICC 1997
942 _2ddc
_cBKS
999 _c10506
_d10506